000 00617nam a22002177a 4500
003 UA-OsUOA
001 116633
007 ta
008 20160324b un ||||| |||| 00| 0 ukr d
100 _aБоронос В.Г.
090 _a330(477)
_bБ83
942 _cSA
040 _aUA-OsUOA
_bukr
_cUA-OsUOA
_dUA-OsUOA
245 _aМоніторинг бюджетної безпеки держави
300 _aС.4-8
955 _a0
041 _aukr
080 _a330(477)
773 0 _w116632
_tЕкономіка. Фінанси. Право.
_dК.
_d2016
_g2
650 7 _a330 Економіка взагалі
_2UDC
999 _c402510
_d402510